[Event "BL 1920 SC Viernheim - OSG Baden-Baden"]
[Site "?"]
[Date "2021.10.14"]
[Round "9.4"]
[White "Kovalenko, Igor"]
[Black "Rapport, Richard"]
[Result "1/2-1/2"]
[WhiteElo "2647"]
[BlackElo "2770"]
[PlyCount "215"]
[EventDate "2021.??.??"]

1. e4 e5 2. Nf3 Nc6 3. Bb5 Nf6 4. d3 d6 5. O-O a6 6. Bxc6+ bxc6 7. Re1 c5 8. c3
Bg4 9. Nbd2 Nd7 10. h3 Bh5 11. Nf1 Bxf3 12. Qxf3 g6 13. Qe2 Bg7 14. f4 O-O 15.
f5 Rb8 16. Ne3 Bh6 17. Rf1 Kh8 18. Rf3 Nf6 19. b3 a5 20. fxg6 fxg6 21. Nc4 Bxc1
22. Rxc1 Ra8 23. Rcf1 Kg7 24. Qf2 Qe7 25. Ne3 c6 26. Qh4 Qe6 27. Qg5 h6 28. Qh4
d5 29. Rg3 Kh7 30. Rgf3 Kg7 31. exd5 cxd5 32. c4 dxc4 33. Qxc4 Qe7 34. Qc3 a4
35. bxa4 Rxa4 36. Ng4 Nd5 37. Qxe5+ Qxe5 38. Nxe5 Rxf3 39. Rxf3 Rxa2 40. Rf7+
Kg8 41. Rf2 Ra3 42. h4 g5 43. hxg5 hxg5 44. Rf5 Nf4 45. Rxg5+ Kh7 46. Kh2 Nxd3
47. Rg3 c4 48. Nxc4 Ra4 49. Rh3+ Kg7 50. Ne3 Ne5 51. Rg3+ Kf6 52. Rg8 Re4 53.
Nd5+ Ke6 54. Rd8 Kf7 55. Rb8 Rd4 56. Rb5 Ke6 57. Nc7+ Kf5 58. Kh3 Rd7 59. g4+
Ke4 60. Ne6 Re7 61. Rb4+ Ke3 62. Nd4 Rh7+ 63. Kg3 Nxg4 64. Nf5+ Kd3 65. Kxg4
Kc3 66. Rb8 Rc7 67. Kf4 Rc4+ 68. Ke3 Rc7 69. Rb1 Rd7 70. Rc1+ Kb4 71. Nd4 Rh7
72. Nc6+ Kb5 73. Ke4 Kb6 74. Ke5 Rh5+ 75. Kd4 Rh7 76. Ne5 Rh2 77. Rc3 Rh8 78.
Rb3+ Kc7 79. Kd5 Rd8+ 80. Kc5 Rd1 81. Re3 Rc1+ 82. Nc4 Kd7 83. Re4 Kc7 84. Re7+
Kd8 85. Rh7 Rd1 86. Ne3 Rd7 87. Rh6 Rc7+ 88. Kb6 Rc1 89. Rh7 Ke8 90. Nf5 Kf8
91. Nd4 Kg8 92. Ra7 Rc3 93. Ne6 Rc1 94. Nc5 Rf1 95. Kc6 Rf7 96. Nd7 Rf4 97. Ne5
Rd4 98. Kc5 Rd1 99. Ng4 Kf8 100. Ne3 Re1 101. Nd5 Re6 102. Rc7 Kg8 103. Nb4 Rf6
104. Nc6 Rf7 105. Ne7+ Kg7 106. Kd6 Rf1 107. Nd5+ Kg6 108. Rc2 1/2-1/2

[Event "BL 1920 SC Viernheim - OSG Baden-Baden"]
[Site "?"]
[Date "2021.10.14"]
[Round "9.6"]
[White "Maze, Sebastien"]
[Black "Bacrot, Etienne"]
[Result "1/2-1/2"]
[WhiteElo "2553"]
[BlackElo "2658"]
[PlyCount "48"]
[EventDate "2021.??.??"]

1. e4 e6 2. d4 d5 3. Nc3 Nf6 4. e5 Nfd7 5. f4 c5 6. Nf3 Nc6 7. Be3 Be7 8. Qd2
a6 9. Bd3 b5 10. O-O b4 11. Nd1 c4 12. Be2 Nb6 13. Bf2 a5 14. Ne3 h5 15. b3 Ba6
16. f5 Qd7 17. fxe6 fxe6 18. g3 g5 19. Ng2 Rg8 20. Be3 Qd8 21. Nfe1 Rh8 22. Nf3
Rg8 23. Nfe1 Rh8 24. Nf3 Rg8 1/2-1/2

[Event "BL 1920 SC Viernheim - OSG Baden-Baden"]
[Site "?"]
[Date "2021.10.14"]
[Round "9.7"]
[White "Kasimdzhanov, Rustam"]
[Black "Libiszewski, Fabien"]
[Result "1-0"]
[WhiteElo "2661"]
[BlackElo "2504"]
[PlyCount "63"]
[EventDate "2021.??.??"]

1. e4 e6 2. d4 d5 3. Nc3 Nf6 4. e5 Nfd7 5. Nce2 c5 6. c3 Nc6 7. f4 Qb6 8. Nf3
f6 9. a3 Be7 10. b4 cxd4 11. Nexd4 fxe5 12. Nxe6 Nf6 13. Nfg5 Rg8 14. fxe5 Nxe5
15. Bb5+ Bd7 16. Bxd7+ Kxd7 17. Nd4 Rac8 18. O-O Rxc3 19. Kh1 Nfg4 20. Nf5 Rd3
21. Qa4+ Qc6 22. b5 Qc4 23. Qxa7 Qxb5 24. Nxe7 Kxe7 25. a4 Qa6 26. Ba3+ Kd7 27.
Qc5 Re8 28. Rab1 Qc6 29. Qa7 Rc8 30. Rb6 Nf2+ 31. Kg1 Qc4 32. Rd6+ 1-0

[Event "BL 1920 SC Viernheim - OSG Baden-Baden"]
[Site "?"]
[Date "2021.10.14"]
[Round "9.8"]
[White "Zaragatski, Ilja"]
[Black "Movsesian, Sergei"]
[Result "1/2-1/2"]
[WhiteElo "2522"]
[BlackElo "2627"]
[PlyCount "54"]
[EventDate "2021.??.??"]

1. Nf3 d5 2. g3 c6 3. Bg2 Bg4 4. c4 e6 5. cxd5 Bxf3 6. Bxf3 cxd5 7. O-O Nc6 8.
d4 Nf6 9. Nc3 Be7 10. e3 O-O 11. Bd2 Rc8 12. Qe2 Qd7 13. Rac1 Ne8 14. Rfd1 Nd6
15. Be1 f5 16. Bg2 Ne4 17. Nxe4 fxe4 18. f3 exf3 19. Bxf3 Bf6 20. Bg4 Rcd8 21.
Bc3 Qd6 22. Rf1 e5 23. dxe5 Bxe5 24. Bf5 Bxc3 25. Rxc3 Qe5 26. Qd3 Nb4 27. Qb1
g6 1/2-1/2

[Event "BL 1920 Aachener SV - Schachfreunde Dei"]
[Site "?"]
[Date "2021.10.14"]
[Round "9.1"]
[White "Heimann, Andreas"]
[Black "Seel, Christian"]
[Result "1/2-1/2"]
[WhiteElo "2585"]
[BlackElo "2482"]
[PlyCount "73"]
[EventDate "2021.??.??"]

1. Nf3 Nf6 2. c4 e6 3. g3 d5 4. Bg2 Be7 5. d4 O-O 6. Nc3 c6 7. O-O Nbd7 8. b3
b6 9. Bb2 Bb7 10. Qc2 Rc8 11. e4 dxe4 12. Nxe4 c5 13. Nxf6+ Nxf6 14. Rad1 Be4
15. Qe2 Qc7 16. dxc5 bxc5 17. Ne5 Bxg2 18. Kxg2 a5 19. Qf3 a4 20. Rd3 axb3 21.
axb3 Bd6 22. Re1 Rfe8 23. g4 h6 24. h4 Bxe5 25. Bxe5 Qc6 26. Qxc6 Rxc6 27. f3
h5 28. Kg3 hxg4 29. fxg4 Ra8 30. Ra1 Rxa1 31. Bxa1 Rc7 32. Be5 Rd7 33. Rxd7
Nxd7 34. Bd6 f6 35. Kf4 Kf7 36. h5 g6 37. hxg6+ 1/2-1/2

[Event "BL 1920 Aachener SV - Schachfreunde Dei"]
[Site "?"]
[Date "2021.10.14"]
[Round "9.2"]
[White "Koch, Thomas"]
[Black "Meier, Georg"]
[Result "1/2-1/2"]
[WhiteElo "2450"]
[BlackElo "2628"]
[PlyCount "85"]
[EventDate "2021.??.??"]

1. d4 e6 2. c4 b6 3. Nf3 Bb7 4. g3 Bb4+ 5. Bd2 Bxf3 6. exf3 Bxd2+ 7. Qxd2 d5 8.
Nc3 Ne7 9. cxd5 Nxd5 10. Bb5+ c6 11. Ba4 a5 12. O-O O-O 13. Rac1 Ra7 14. Rfd1
Ne7 15. Qf4 Rd7 16. Bc2 Na6 17. Qe4 g6 18. Qf4 Nc7 19. Ba4 b5 20. Bc2 Nf5 21.
Ne2 Nd5 22. Qd2 Rd6 23. Be4 Qb6 24. Qc2 Rc8 25. Qc5 Qd8 26. a3 Nfe7 27. f4 Rc7
28. Kg2 Rcd7 29. Bf3 a4 30. Nc3 Nf6 31. Ne2 h5 32. h3 Nfd5 33. Nc3 Nf6 34. Ne2
Nfd5 35. Nc3 h4 36. Ne4 hxg3 37. Nxd6 Rxd6 38. fxg3 Ne3+ 39. Kf2 Nxd1+ 40. Rxd1
Qd7 41. Qe5 Nf5 42. g4 Nxd4 43. Bxc6 1/2-1/2

[Event "BL 1920 Aachener SV - Schachfreunde Dei"]
[Site "?"]
[Date "2021.10.14"]
[Round "9.3"]
[White "Krasenkow, Michal"]
[Black "Vandenbussche, Thibaut"]
[Result "1-0"]
[WhiteElo "2578"]
[BlackElo "2413"]
[PlyCount "166"]
[EventDate "2021.??.??"]

1. Nf3 d5 2. d4 c5 3. c4 e6 4. cxd5 exd5 5. Nc3 Nc6 6. dxc5 d4 7. Na4 Bxc5 8.
Nxc5 Qa5+ 9. Bd2 Qxc5 10. Rc1 Qb6 11. e3 dxe3 12. Bxe3 Qxb2 13. Bc4 Nge7 14.
Ng5 O-O 15. Qh5 Bf5 16. Bxf7+ Kh8 17. O-O h6 18. Ne6 Bg4 19. Qxg4 Rxf7 20. a4
Nf5 21. Bc5 Qf6 22. Nf4 Rd8 23. Nh5 Qh4 24. Qxh4 Nxh4 25. Rfe1 Ng6 26. Be3 Nge5
27. Nf4 Nd3 28. Nxd3 Rxd3 29. Rc4 Rfd7 30. f4 Kg8 31. g4 Rd1 32. Rxd1 Rxd1+ 33.
Kf2 Kf7 34. h4 h5 35. gxh5 Rd5 36. h6 gxh6 37. Kf3 Ke6 38. Ke4 Rh5 39. Bf2 Ra5
40. Bg3 Ne7 41. Be1 Rd5 42. Rc7 Nf5 43. a5 Rb5 44. Kd3 Rd5+ 45. Ke2 Rd7 46. Rc8
Kf7 47. Ra8 Re7+ 48. Kf1 Ne3+ 49. Kg1 a6 50. Rc8 Nd5 51. Bg3 Re3 52. Kg2 Rc3
53. Rd8 Ne3+ 54. Kg1 Nf5 55. Bf2 Rc1+ 56. Kg2 Rc2 57. Kf3 Ra2 58. Bb6 Ra3+ 59.
Kg4 Ke6 60. Re8+ Kf7 61. Rb8 Ke6 62. Rxb7 Rg3+ 63. Kh5 Ng7+ 64. Kxh6 Nf5+ 65.
Kh7 Rh3 66. Bd8 Nxh4 67. Rb6+ Kd7 68. Bg5 Nf5+ 69. Kg6 Nd6 70. Rxa6 Ra3 71. Ra8
Kc7 72. a6 Kb6 73. Be7 Rg3+ 74. Kf6 Nb5 75. Bd8+ Kc6 76. Rc8+ Kd7 77. Rb8 Ra3
78. Rxb5 Kxd8 79. Rb6 Kc7 80. Re6 Kd7 81. f5 Ra5 82. Re7+ Kd6 83. a7 Kd5 1-0

[Event "BL 1920 Aachener SV - Schachfreunde Dei"]
[Site "?"]
[Date "2021.10.14"]
[Round "9.4"]
[White "Klein, Felix"]
[Black "Donchenko, Alexander"]
[Result "0-1"]
[WhiteElo "2309"]
[BlackElo "2648"]
[PlyCount "85"]
[EventDate "2021.??.??"]

1. e4 c6 2. d4 d5 3. Nc3 dxe4 4. Nxe4 Nf6 5. Nxf6+ exf6 6. c3 Bd6 7. Bd3 O-O 8.
Ne2 Re8 9. Qc2 h5 10. O-O h4 11. Re1 h3 12. Bf4 Be6 13. Bf5 hxg2 14. Bxe6 Rxe6
15. Bxd6 Qxd6 16. Ng3 g6 17. Rxe6 Qxe6 18. Qd2 Nd7 19. Re1 Qd6 20. Qh6 Qf8 21.
Qh3 Re8 22. Rxe8 Qxe8 23. Qg4 Kf8 24. Qf4 f5 25. h4 Nf6 26. h5 Kg8 27. hxg6
fxg6 28. Kxg2 Nd5 29. Qg5 f4 30. Nh5 Qe4+ 31. Kh2 Kf7 32. c4 Qxd4 33. cxd5
Qxf2+ 34. Kh1 Qf1+ 35. Kh2 Qe2+ 36. Kg1 Qd1+ 37. Kf2 Qxh5 38. Qxf4+ Qf5 39.
Qxf5+ gxf5 40. dxc6 bxc6 41. Ke3 Kf6 42. Kd4 Kg5 43. b4 0-1

[Event "BL 1920 Aachener SV - Schachfreunde Dei"]
[Site "?"]
[Date "2021.10.14"]
[Round "9.5"]
[White "Lagarde, Maxime"]
[Black "Sonntag, Hans-Hubert"]
[Result "1-0"]
[WhiteElo "2640"]
[BlackElo "2331"]
[PlyCount "63"]
[EventDate "2021.??.??"]

1. e4 e5 2. Nf3 Nc6 3. Bb5 a6 4. Ba4 d6 5. Bxc6+ bxc6 6. d4 exd4 7. Nxd4 c5 8.
Ne2 Nf6 9. c4 Be7 10. Nbc3 O-O 11. O-O Be6 12. b3 Nd7 13. Bb2 Rb8 14. Qc2 Nb6
15. Ng3 Qd7 16. Nd5 f6 17. Ne3 Rfe8 18. Rad1 Bf8 19. h4 c6 20. h5 h6 21. f4 d5
22. e5 fxe5 23. f5 Bf7 24. f6 Qe6 25. Rf5 d4 26. Ng4 e4 27. Rdf1 Rb7 28. Qe2 e3
29. Qf3 e2 30. Re1 Nxc4 31. Rxe2 Ne3 32. fxg7 1-0

[Event "BL 1920 Aachener SV - Schachfreunde Dei"]
[Site "?"]
[Date "2021.10.14"]
[Round "9.6"]
[White "Coenen, Norbert"]
[Black "Kollars, Dmitrij"]
[Result "0-1"]
[WhiteElo "2284"]
[BlackElo "2621"]
[PlyCount "84"]
[EventDate "2021.??.??"]

1. e4 e5 2. Nf3 Nc6 3. Bc4 Bc5 4. c3 Nf6 5. d3 d6 6. O-O O-O 7. h3 a5 8. Re1 h6
9. Nbd2 a4 10. Bb5 Bd7 11. Nf1 Ne7 12. Bxd7 Qxd7 13. Ng3 Ng6 14. d4 Bb6 15. Be3
Qb5 16. Qc2 Rfe8 17. c4 Qc6 18. d5 Qd7 19. c5 dxc5 20. Bxc5 Bxc5 21. Qxc5 c6
22. dxc6 bxc6 23. Rac1 Rab8 24. Re2 Qb7 25. Rd2 Qb4 26. Qxc6 Nh4 27. Qc2 Nxf3+
28. gxf3 Nh7 29. Kg2 Ng5 30. Rcd1 Ne6 31. Ne2 Qe7 32. Qxa4 Qg5+ 33. Kh2 Qh4 34.
Ng1 Nf4 35. Qc4 Re6 36. Qf1 Rg6 37. b3 Rxg1 38. Kxg1 Nxh3+ 39. Kg2 Nf4+ 40. Kg1
Qg5+ 41. Kh2 Qh5+ 42. Kg1 Qg6+ 0-1

[Event "BL 1920 Aachener SV - Schachfreunde Dei"]
[Site "?"]
[Date "2021.10.14"]
[Round "9.7"]
[White "Dautov, Rustem"]
[Black "Begnis, Nikolaos"]
[Result "1-0"]
[WhiteElo "2595"]
[BlackElo "2281"]
[PlyCount "61"]
[EventDate "2021.??.??"]

1. d4 Nf6 2. c4 g6 3. g3 Bg7 4. Bg2 O-O 5. Nc3 d6 6. Nf3 c5 7. d5 e6 8. O-O
exd5 9. cxd5 Re8 10. h3 a6 11. a4 Nbd7 12. Bf4 Qc7 13. Rc1 Ne4 14. Nxe4 Rxe4
15. Nd2 Rd4 16. Qb3 b5 17. axb5 axb5 18. Qxb5 Nf6 19. Qc6 Qxc6 20. dxc6 Be6 21.
Nf3 Rxf4 22. gxf4 Rc8 23. Nd2 Nd5 24. Nc4 Nxf4 25. Nxd6 Nxe2+ 26. Kh1 Rd8 27.
Nb7 Rd2 28. Rcd1 Rxb2 29. Rd8+ Bf8 30. Nxc5 Nf4 31. c7 1-0

[Event "BL 1920 Aachener SV - Schachfreunde Dei"]
[Site "?"]
[Date "2021.10.14"]
[Round "9.8"]
[White "Lamby, Philipp"]
[Black "Kozul, Zdenko"]
[Result "0-1"]
[WhiteElo "2171"]
[BlackElo "2601"]
[PlyCount "75"]
[EventDate "2021.??.??"]

1. e4 c5 2. c3 Nf6 3. e5 Nd5 4. d4 cxd4 5. Nf3 e6 6. cxd4 d6 7. Bc4 Be7 8. O-O
O-O 9. Qe2 a6 10. Qe4 Nc6 11. Bd3 f5 12. exf6 Nxf6 13. Qe2 d5 14. Nc3 Bd6 15.
Bd2 Bd7 16. Rac1 h6 17. Bb1 Qe8 18. Qd3 Qh5 19. h3 g5 20. Rfe1 Qf7 21. Na4 Ne4
22. Rxe4 dxe4 23. Qxe4 Rad8 24. Nc5 Bc8 25. Kh1 Bxc5 26. Rxc5 Rd5 27. Rc3 e5
28. Bc2 Bf5 29. Qxd5 Qxd5 30. Bb3 Qxb3 31. Rxb3 exd4 32. Rxb7 Be4 33. Rd7 Bxf3
34. gxf3 Rxf3 35. Rd6 Rxf2 36. Be1 Rc2 37. Kg1 Ne5 38. Bg3 0-1

[Event "BL 1920 FC Bayern München - SV Werder "]
[Site "?"]
[Date "2021.10.14"]
[Round "9.2"]
[White "Bogner, Sebastian"]
[Black "Efimenko, Zahar"]
[Result "1/2-1/2"]
[WhiteElo "2572"]
[BlackElo "2601"]
[PlyCount "81"]
[EventDate "2021.??.??"]

1. d4 Nf6 2. c4 e6 3. Nc3 Bb4 4. Qc2 d6 5. e3 O-O 6. Bd3 c5 7. dxc5 dxc5 8. b3
b6 9. Bb2 Bb7 10. Nf3 Nbd7 11. O-O-O Qe7 12. Ne4 a6 13. Nxf6+ Nxf6 14. Ne5 Rfd8
15. Rhg1 g6 16. h4 Nd7 17. Ng4 Qxh4 18. Be2 e5 19. Bf3 Bxf3 20. gxf3 f5 21. Rh1
Qe7 22. Nh6+ Kf8 23. Rd5 Nf6 24. Nxf5 gxf5 25. Qxf5 Qf7 26. Rxe5 Rd6 27. Qf4
Qg6 28. Rf5 Bd2+ 29. Kc2 Rad8 30. Rh6 Bxe3 31. Qxd6+ Rxd6 32. Rxg6 hxg6 33.
Rxf6+ Rxf6 34. Bxf6 Bxf2 35. Kd3 Kf7 36. Bd8 b5 37. a3 Ke6 38. Bb6 Kd6 39. Ke4
bxc4 40. bxc4 Ke6 41. a4 {Ke5+} 1/2-1/2

[Event "BL 1920 FC Bayern München - SV Werder "]
[Site "?"]
[Date "2021.10.14"]
[Round "9.3"]
[White "Edouard, Romain"]
[Black "Santos Ruiz, Miguel"]
[Result "1/2-1/2"]
[WhiteElo "2593"]
[BlackElo "2596"]
[PlyCount "64"]
[EventDate "2021.??.??"]

1. c4 e5 2. d3 Nf6 3. Nf3 Nc6 4. a3 d5 5. cxd5 Nxd5 6. e4 Nf6 7. Be2 Bg4 8.
Nbd2 a5 9. b3 Bc5 10. Bb2 Qe7 11. O-O O-O 12. Nxe5 Nxe5 13. Bxe5 Qxe5 14. Bxg4
Nxg4 15. Qxg4 Rad8 16. Nc4 Qc3 17. Rac1 Qxb3 18. Nxa5 Qxa3 19. Rxc5 Qxc5 20.
Nxb7 Qd4 21. Nxd8 Rxd8 22. Qg3 c5 23. Rc1 c4 24. Qf4 cxd3 25. g3 d2 26. Rd1 g6
27. Kg2 Kg7 28. Qf3 Rc8 29. Qe2 Rc2 30. h4 h5 31. e5 Qd5+ 32. f3 Rb2 1/2-1/2

[Event "BL 1920 FC Bayern München - SV Werder "]
[Site "?"]
[Date "2021.10.14"]
[Round "9.4"]
[White "Dragnev, Valentin"]
[Black "Hracek, Zbynek"]
[Result "1/2-1/2"]
[WhiteElo "2543"]
[BlackElo "2566"]
[PlyCount "119"]
[EventDate "2021.??.??"]

1. e4 c5 2. Nf3 d6 3. d4 cxd4 4. Nxd4 Nf6 5. Nc3 a6 6. f3 e5 7. Nb3 Be6 8. Be3
Be7 9. Qd2 O-O 10. O-O-O Nbd7 11. g4 Rc8 12. Kb1 b5 13. g5 Nh5 14. Nd5 Bxd5 15.
exd5 Nb6 16. Na5 Qc7 17. Bh3 Rce8 18. Bg4 Nf4 19. Bxf4 exf4 20. Qxf4 Nxd5 21.
Rxd5 Qxa5 22. h4 Bd8 23. Qxd6 Bc7 24. Qc6 Re1+ 25. Rd1 Rxh1 26. Rxh1 Qb6 27.
Qe4 Rd8 28. Re1 g6 29. h5 gxh5 30. Bxh5 Qe6 31. a3 Qxe4 32. Rxe4 Kf8 33. Rh4
Bg3 34. Rh3 Bf4 35. Bg4 Bxg5 36. Rxh7 Bf6 37. Rh5 Ke7 38. Rc5 Kd6 39. Rf5 Ke7
40. Rc5 Kd6 41. Rf5 Ke7 42. c3 Rg8 43. Kc2 Rg5 44. Rf4 Re5 45. Kd3 Bg5 46. Rd4
f5 47. f4 Bxf4 48. Rxf4 fxg4 49. Rxg4 Kd7 50. Rg6 a5 51. Ra6 Rd5+ 52. Kc2 a4
53. b3 axb3+ 54. Kxb3 Rc5 55. Rh6 Kc7 56. Rh4 Kb6 57. Kb4 Rc6 58. Rd4 Rg6 59.
a4 bxa4 60. Kxa4 1/2-1/2

[Event "BL 1920 FC Bayern München - SV Werder "]
[Site "?"]
[Date "2021.10.14"]
[Round "9.5"]
[White "Werle, Jan"]
[Black "Johansson, Linus"]
[Result "0-1"]
[WhiteElo "2562"]
[BlackElo "2476"]
[PlyCount "65"]
[EventDate "2021.??.??"]

1. d4 Nf6 2. Nf3 b6 3. Bf4 Bb7 4. h4 e6 5. e3 c5 6. c3 cxd4 7. exd4 Be7 8. Bd3
d6 9. Nbd2 Nbd7 10. O-O Nh5 11. Bh2 Ndf6 12. Ng5 g6 13. Bb5+ Kf8 14. Be2 Ng7
15. Bf3 Qd7 16. Nge4 Nxe4 17. Bxe4 d5 18. Bd3 Bxh4 19. Nf3 Bf6 20. Ne5 Qd8 21.
Qf3 Ne8 22. Rae1 Kg7 23. Re3 Nd6 24. Ng4 Bg5 25. Qh3 h5 26. Ne5 Nf5 27. Re2 Bf6
28. Rfe1 Bc8 29. Bf4 a5 30. g4 hxg4 31. Qxg4 Ba6 32. c4 Rh4 33. Qf3 0-1

[Event "BL 1920 FC Bayern München - SV Werder "]
[Site "?"]
[Date "2021.10.14"]
[Round "9.6"]
[White "Fedorovsky, Michael"]
[Black "Meins, Gerlef"]
[Result "1/2-1/2"]
[WhiteElo "2402"]
[BlackElo "2424"]
[PlyCount "114"]
[EventDate "2021.??.??"]

1. e4 c5 2. c3 d5 3. exd5 Qxd5 4. d4 Nf6 5. Nf3 Bg4 6. dxc5 Qxc5 7. h3 Bh5 8.
Na3 Nbd7 9. Be3 Qc8 10. Be2 a6 11. O-O e6 12. Nc2 Be7 13. Bd4 O-O 14. Ne5 Nxe5
15. Bxe5 Rd8 16. Nd4 Bg6 17. Bd3 Nd7 18. Bxg6 hxg6 19. Bg3 Bf6 20. Qf3 Nb6 21.
Rac1 Nc4 22. Qe2 b5 23. Nf3 Qc5 24. b3 Nb6 25. Be5 Rac8 26. Rfd1 Rxd1+ 27. Rxd1
Nd5 28. Rd3 Bxe5 29. Qxe5 Qc7 30. c4 bxc4 31. Qxc7 Rxc7 32. bxc4 Rxc4 33. Ra3
Nc7 34. Ne5 Rc1+ 35. Kh2 g5 36. Nd7 Rc6 37. Ne5 Rc2 38. Kg1 Rc1+ 39. Kh2 Rc2
40. Kg1 f6 41. Nd3 Rc4 42. Ra5 Rd4 43. Ra3 e5 44. Nc5 Rd6 45. g4 Rc6 46. Ra5
Kf7 47. Ne4 Ne6 48. Ra3 Nd4 49. Kg2 Ke6 50. Rxa6 Rxa6 51. Nc5+ Kd6 52. Nxa6 e4
53. Nb4 Kc5 54. Na6+ Kb6 55. Nb4 Kc5 56. Na6+ Kb6 57. Nb4 Kc5 1/2-1/2

[Event "BL 1920 FC Bayern München - SV Werder "]
[Site "?"]
[Date "2021.10.14"]
[Round "9.7"]
[White "Grigorian, Spartak"]
[Black "Lindgren, Philip"]
[Result "1/2-1/2"]
[WhiteElo "2470"]
[BlackElo "2353"]
[PlyCount "142"]
[EventDate "2021.??.??"]

1. c4 e6 2. Nf3 d5 3. g3 Nf6 4. Bg2 dxc4 5. Qa4+ Bd7 6. Qxc4 c5 7. Ne5 Qc8 8.
Qd3 Nc6 9. Nxd7 Nxd7 10. b3 Be7 11. Bb2 O-O 12. Nc3 Rd8 13. Rc1 Nde5 14. Qb1
Qd7 15. d3 Rac8 16. O-O Nd4 17. Rfd1 f5 18. e3 Ndf3+ 19. Kh1 Qe8 20. h3 Qh5 21.
Qc2 g5 22. Qe2 g4 23. d4 Ng6 24. dxc5 Ng5 25. Qf1 Nxh3 26. Bxh3 Bf6 27. Rxd8+
Rxd8 28. Rd1 Rxd1 29. Nxd1 Bxb2 30. Nxb2 Ne5 31. Nd3 Nxd3 32. Qxd3 Qxh3+ 33.
Kg1 Qh5 34. b4 a6 35. a4 Qe8 36. b5 axb5 37. axb5 Qa8 38. Qd7 Qa1+ 39. Kg2 Qe5
40. c6 Qe4+ 41. Kg1 bxc6 42. bxc6 Qb1+ 43. Kg2 Qe4+ 44. Kh2 Qc2 45. Qxe6+ Kg7
46. Kg2 h5 47. Qe5+ Kg6 48. Qd5 Kf6 49. Qd6+ Kg7 50. Qe5+ Kg6 51. Qb5 Qe4+ 52.
Kg1 Qc2 53. Qb6 Qd1+ 54. Kh2 Qd6 55. Qb7 Qd5 56. Qd7 Qa2 57. Kg2 Qc4 58. Qd6+
Kf7 59. c7 Qe4+ 60. Kh2 Qc2 61. Qd7+ Kf6 62. Qd6+ Kf7 63. Qd5+ Ke7 64. Qe5+ Kd7
65. Qf4 Kc8 66. Kg1 Qc1+ 67. Kg2 Qc6+ 68. Kh2 Qc2 69. Kg1 Qc1+ 70. Kg2 Qc6+ 71.
Kg1 Qc1+ 1/2-1/2

[Event "BL 1920 FC Bayern München - SV Werder "]
[Site "?"]
[Date "2021.10.14"]
[Round "9.8"]
[White "Rafiee, Makan"]
[Black "Colbow, Collin"]
[Result "1/2-1/2"]
[WhiteElo "2324"]
[BlackElo "2329"]
[PlyCount "82"]
[EventDate "2021.??.??"]

1. e4 c5 2. Nf3 e6 3. d4 cxd4 4. Nxd4 Nc6 5. Nc3 Qc7 6. Be3 a6 7. Bd3 b5 8.
Nxc6 Qxc6 9. a4 b4 10. Na2 Nf6 11. c3 b3 12. Nc1 Nxe4 13. Nxb3 Nf6 14. Be2 Rb8
15. Ba7 Ra8 16. Bd4 Be7 17. O-O O-O 18. Bf3 d5 19. Re1 a5 20. Be2 Qc7 21. Bd3
Ba6 22. Be5 Qb6 23. Bd4 Qc7 24. Be5 Qb6 25. Nd4 Bxd3 26. Qxd3 Ne4 27. Qb5 Bc5
28. Re2 f6 29. Qxb6 Bxb6 30. Bg3 Bxd4 31. cxd4 Nxg3 32. hxg3 Ra6 33. Rc1 Rb8
34. Rc7 Rb4 35. Rec2 Rxd4 36. Rb7 Rc4 37. Rxc4 dxc4 38. Rc7 Rb6 39. Rxc4 Rxb2
40. Rc5 Kf7 41. Rxa5 Ra2 1/2-1/2

[Event "BL 1920 Hamburger SK - SV Hockenheim"]
[Site "?"]
[Date "2021.10.14"]
[Round "9.1"]
[White "Inarkiev, Ernesto"]
[Black "Grandelius, Nils"]
[Result "0-1"]
[WhiteElo "2668"]
[BlackElo "2662"]
[PlyCount "82"]
[EventDate "2021.??.??"]

1. d4 Nf6 2. c4 g6 3. g3 c6 4. Nf3 d5 5. Bg2 Bg7 6. O-O O-O 7. b3 dxc4 8. bxc4
c5 9. Bb2 cxd4 10. Nxd4 Nc6 11. Nxc6 bxc6 12. Nd2 Qc7 13. Qc2 Rb8 14. Nb3 e5
15. Rfd1 Bf5 16. Qc3 Rfe8 17. Ba3 Bf8 18. Bxf8 Kxf8 19. Rd2 Red8 20. Rad1 Rxd2
21. Rxd2 Be4 22. Bh3 g5 23. Qe3 h6 24. Bg2 Bxg2 25. Kxg2 Kg7 26. Qd3 Re8 27.
Nc5 e4 28. Qd6 Qc8 29. Rb2 Qf5 30. Qd4 Re5 31. Nb7 c5 32. Qc3 Ng4 33. Qe1 e3
34. f3 Nf2 35. Rb5 g4 36. Qc3 gxf3+ 37. exf3 e2 38. g4 Nxg4 39. Nd6 Ne3+ 40.
Kf2 Nd1+ 41. Ke1 Nxc3 0-1

[Event "BL 1920 Hamburger SK - SV Hockenheim"]
[Site "?"]
[Date "2021.10.14"]
[Round "9.2"]
[White "Svane, Rasmus"]
[Black "Ponomariov, Ruslan"]
[Result "1/2-1/2"]
[WhiteElo "2625"]
[BlackElo "2631"]
[PlyCount "68"]
[EventDate "2021.??.??"]

1. Nf3 d5 2. g3 g6 3. Bg2 Bg7 4. d4 Nd7 5. O-O Ngf6 6. a4 a5 7. b3 O-O 8. c4 c5
9. Bb2 b6 10. Ne5 Bb7 11. Na3 cxd4 12. Nxd7 Nxd7 13. Bxd4 Bxd4 14. Qxd4 Nc5 15.
Rab1 dxc4 16. Qxd8 Rfxd8 17. Bxb7 Nxb7 18. Nxc4 Rab8 19. Nxb6 Rd2 20. Rfe1 Nd6
21. Nd7 Rb7 22. Ne5 Rc2 23. Nf3 Rb4 24. Kf1 Ne4 25. Rbc1 Rxc1 26. Rxc1 Rxb3 27.
Rc8+ Kg7 28. Ra8 Rb1+ 29. Kg2 Rb2 30. Ng1 Nc3 31. Rxa5 Nxe2 32. Nxe2 Rxe2 33.
Ra7 Ra2 34. Rxe7 Rxa4 1/2-1/2

[Event "BL 1920 Hamburger SK - SV Hockenheim"]
[Site "?"]
[Date "2021.10.14"]
[Round "9.3"]
[White "Saric, Ivan"]
[Black "Miton, Kamil"]
[Result "1-0"]
[WhiteElo "2644"]
[BlackElo "2579"]
[PlyCount "81"]
[EventDate "2021.??.??"]

1. e4 c5 2. Nf3 Nc6 3. d4 cxd4 4. Nxd4 e5 5. Nb5 d6 6. N1c3 a6 7. Na3 Be7 8.
Be3 Nf6 9. Nc4 b5 10. Nb6 Rb8 11. Nxc8 Qxc8 12. Be2 O-O 13. a3 h6 14. O-O Qb7
15. Nd5 Nxd5 16. exd5 Na5 17. b3 Bd8 18. Bd2 Qxd5 19. Bb4 Qxd1 20. Rfxd1 Nb7
21. Be1 Bb6 22. b4 Rfc8 23. c3 e4 24. a4 e3 25. fxe3 Bxe3+ 26. Kf1 Bf4 27. axb5
axb5 28. Rd5 Nd8 29. Rxb5 Rxb5 30. Bxb5 Be5 31. Bd7 Rc7 32. Bf5 Kf8 33. Ra3 d5
34. b5 Rb7 35. Bd3 Ne6 36. Bf2 Ke7 37. b6 Rb8 38. Ra7+ Kf6 39. Rd7 Bxc3 40.
Rxd5 Nf4 41. Rf5+ 1-0

[Event "BL 1920 Hamburger SK - SV Hockenheim"]
[Site "?"]
[Date "2021.10.14"]
[Round "9.4"]
[White "Kempinski, Robert"]
[Black "Braun, Arik"]
[Result "1/2-1/2"]
[WhiteElo "2565"]
[BlackElo "2589"]
[PlyCount "80"]
[EventDate "2021.??.??"]

1. d4 Nf6 2. Nf3 e6 3. c4 a6 4. Nc3 d5 5. cxd5 exd5 6. Bg5 Be6 7. e3 Nbd7 8.
Bd3 h6 9. Bh4 g5 10. Bg3 Nh5 11. Qc2 Nxg3 12. hxg3 Bg7 13. O-O-O c5 14. Kb1 Rc8
15. Bf5 Qf6 16. e4 cxd4 17. Nxd4 O-O 18. exd5 Bxf5 19. Nxf5 Rfe8 20. d6 Kh8 21.
Rxh6+ Bxh6 22. Rh1 Rc5 23. Nxh6 Kg7 24. Ng4 Qg6 25. Ne3 Qxc2+ 26. Kxc2 f5 27.
b4 Rce5 28. Ncd5 Nf6 29. Nxf6 Kxf6 30. Rh7 Rd8 31. Kb3 b5 32. g4 f4 33. Nf5 Re2
34. Nd4 Rxf2 35. Rh6+ Kg7 36. Re6 Rxg2 37. Re7+ Kf6 38. Re6+ Kf7 39. Re7+ Kf6
40. Re6+ Kf7 1/2-1/2

[Event "BL 1920 Hamburger SK - SV Hockenheim"]
[Site "?"]
[Date "2021.10.14"]
[Round "9.5"]
[White "Wagner, Dennis"]
[Black "Rogozenco, Dorian"]
[Result "1-0"]
[WhiteElo "2576"]
[BlackElo "2466"]
[PlyCount "93"]
[EventDate "2021.??.??"]

1. d4 Nf6 2. c4 e6 3. Nf3 d5 4. g3 dxc4 5. Bg2 Nc6 6. Qa4 Bb4+ 7. Bd2 Nd5 8.
Bxb4 Ndxb4 9. O-O Rb8 10. Na3 O-O 11. Qb5 b6 12. Qxc4 Ba6 13. Nb5 Qe8 14. Rfd1
Nd5 15. e4 Na5 16. Qc1 Bxb5 17. exd5 exd5 18. Qxc7 Qd8 19. Rac1 Nc4 20. Qxd8
Rfxd8 21. b3 Nd6 22. Ne5 Be8 23. h4 Kf8 24. Bh3 Rb7 25. f3 Re7 26. Kf2 Nb5 27.
Nc6 Bxc6 28. Rxc6 Rc7 29. Rxc7 Nxc7 30. Rc1 Ne8 31. a4 Ke7 32. b4 Rb8 33. Bf1
h6 34. Bb5 Kd6 35. Ke3 Rd8 36. Kf4 Ra8 37. Rc6+ Ke7 38. Ke5 Rd8 39. Rc3 g6 40.
Bxe8 f6+ 41. Kf4 Rxe8 42. h5 Rg8 43. hxg6 Rxg6 44. Rc7+ Kd6 45. Rxa7 h5 46. b5
Rh6 47. Rb7 1-0

[Event "BL 1920 Hamburger SK - SV Hockenheim"]
[Site "?"]
[Date "2021.10.14"]
[Round "9.6"]
[White "Kramer, Julian"]
[Black "Buhmann, Rainer"]
[Result "1/2-1/2"]
[WhiteElo "2408"]
[BlackElo "2580"]
[PlyCount "56"]
[EventDate "2021.??.??"]

1. e4 e6 2. d4 d5 3. Nd2 c5 4. Ngf3 cxd4 5. Nxd4 Nf6 6. exd5 Nxd5 7. N2f3 Bb4+
8. Bd2 O-O 9. Bxb4 Nxb4 10. a3 N4c6 11. Nxc6 Nxc6 12. Qxd8 Rxd8 13. Bd3 Bd7 14.
O-O-O h6 15. b4 Kf8 16. Kb2 Ke7 17. Rhe1 Be8 18. c4 Rac8 19. Kc3 b6 20. Be4
Rxd1 21. Rxd1 g5 22. g4 Kf6 23. h3 a5 24. Re1 Na7 25. Kd3 Rd8+ 26. Kc3 Rc8 27.
Kd3 Rd8+ 28. Kc3 Rc8 1/2-1/2